000 01145cab a22002415a 4500
001 L151240
008 101011e20100625xxk 000 0 eng d
035 _a(Sirsi) u151240
041 0 _aeng
100 1 _aRoberts, Nicholas
245 0 0 _aKeeping warm communally
260 _c2010
490 _aNew Law Journal
_v25 June 2010
520 _aIndividual leaseholders wishing to introduce home energy conservation measures such as loft insulation and cavity wall insullation face impinging on the part of the property vested in the landlord. Identifies problems faced by the leaseholder and ground landlord. Suggests that some landlords' costs could be covered by service charge provision but dependant upon the terms of the lease. Outlines solutions for varying the terms of a lease under Landlord and Tenant Act 1987.
590 _aKA
650 2 4 _aLANDLORD AND TENANT ACT 1987
650 2 4 _aLLOYDS BANK LTD V BOWKER OXFORD
650 2 4 _aWANDSWORTH LBC V GRIFFIN AND ANOTHER
650 2 4 _aMULLANEY V MAYBOURNE GRANGE (CROYDON) MANAGEMENT CO LTD
651 4 _aENGLAND AND WALES
690 _aResidential property
_96266
942 _n0
999 _c82737
_d82737